God's tribesman : (Record no. 3857)
[ view plain ]
| 000 -LEADER | |
|---|---|
| fixed length control field | 00665nam a2200241Ii 4500 |
| 001 - CONTROL NUMBER | |
| control field | 2683537 |
| 003 - CONTROL NUMBER IDENTIFIER | |
| control field | OSt |
| 005 - DATE AND TIME OF LATEST TRANSACTION | |
| control field | 20181123113025.0 |
| 008 - FIXED-LENGTH DATA ELEMENTS--GENERAL INFORMATION | |
| fixed length control field | 770117s1976 ilua 000 0beng d |
| 020 ## - INTERNATIONAL STANDARD BOOK NUMBER | |
| International Standard Book Number | 088207654X |
| 040 ## - CATALOGING SOURCE | |
| Original cataloging agency | MAL |
| Transcribing agency | MAL |
| Modifying agency | m.c. |
| -- | m/c |
| -- | MAL |
| 082 ## - DEWEY DECIMAL CLASSIFICATION NUMBER | |
| Classification number | 266 |
| Item number | H461G |
| 090 ## - LOCALLY ASSIGNED LC-TYPE CALL NUMBER (OCLC); LOCAL CALL NUMBER (RLIN) | |
| Classification number (OCLC) (R) ; Classification number, CALL (RLIN) (NR) | BV3269.P8 |
| Local cutter number (OCLC) ; Book number/undivided call number, CALL (RLIN) | H43 1976 |
| 092 ## - LOCALLY ASSIGNED DEWEY CALL NUMBER (OCLC) | |
| Classification number | 266.022 |
| Item number | H36g2 |
| 100 1# - MAIN ENTRY--PERSONAL NAME | |
| Personal name | Hefley, James C. |
| 245 10 - TITLE STATEMENT | |
| Title | God's tribesman : |
| Remainder of title | the Rochunga Pudaite story / |
| Statement of responsibility, etc. | James and Marti Hefley. |
| 250 ## - EDITION STATEMENT | |
| Edition statement | [2d ed.] |
| 260 ## - PUBLICATION, DISTRIBUTION, ETC. | |
| Place of publication, distribution, etc. | Wheaton, Ill. : |
| Name of publisher, distributor, etc. | Victor Books, |
| Date of publication, distribution, etc. | 1976. |
| 300 ## - PHYSICAL DESCRIPTION | |
| Extent | 146 p. : |
| Other physical details | ill. ; |
| Dimensions | 21 cm. |
| 600 10 - SUBJECT ADDED ENTRY--PERSONAL NAME | |
| Personal name | Pudaite, Rochunga. |
| 700 1# - ADDED ENTRY--PERSONAL NAME | |
| Personal name | Hefley, Marti. |
| 942 ## - ADDED ENTRY ELEMENTS (KOHA) | |
| Source of classification or shelving scheme | Dewey Decimal Classification |
| Koha item type | Books |
| Withdrawn status | Lost status | Source of classification or shelving scheme | Damaged status | Not for loan | Collection code | Home library | Current library | Shelving location | Date acquired | Cost, normal purchase price | Total Checkouts | Full call number | Barcode | Date last seen | Price effective from | Koha item type |
|---|---|---|---|---|---|---|---|---|---|---|---|---|---|---|---|---|
| Dewey Decimal Classification | Non-fiction | Harvest Mission College | Harvest Mission College | General Stacks | 23.11.2018 | 360.00 | 266 H461G | 004318 | 23.11.2018 | 23.11.2018 | Books |
